Statistiques concernant Geographie

Cliquez ici pour prendre le quiz!

Statistiques générales

  • Ce quiz a été pris 112 fois
  • Le résultat moyen est 4 sur 5

Statistiques - réponses

QuestionRéponse% Correct
Quel est le plus grand pays?russie
94%
Quel est le plus petit pays?vatican
89%
Quel pays a la plus grande population?inde
73%
Quel pays a le plus de chrétien dans le monde?kenya
59%
Quel pays a le plus d'habitants au mètre carré?monaco
43%

Distribution des résultats

Percentile par nombre de réponses

% des personnes avec chaque résultat

Votre développement - résultats

Vous n’avez pas pris ce quiz